000 00320nam a22001217a 4500
999 _c8529
_d8529
008 200316b ||||| |||| 00| 0 eng d
100 _aAli, Javed
245 _aDosage From Design
250 _aReprint 2019
260 _aNew Delhi
_bBirla Publications
650 _aPharmaceutical Dosage form /Cosmetic
942 _2ddc
_cBK